000 00473nam a2200181Ia 4500
001 10525
005 20260306161838.0
008 260306t2009||||xx |||||||||||||| ||spa||
041 _aESP
082 _a940.1
_bM66
100 _aMitre Fernández, Emilio
_eAUT
245 0 _aUna primera Europa, romanos:
_bromanos, cristianos y germanos (400-1000)
260 _c2009
300 _a334 páginas :
_c23 cm.
650 _aGEN
654 _aCHU
942 _cLIB
_dJUS
_fJUS
_2ddc
_n
999 _c10525
_d10525